000 00511nam a2200169Ia 4500
008 090201s9999 xx 000 0 und d
010 _aKPL-19580
040 _bमराठी
041 _aमराठी
082 _a7871
_b19580
100 _aरमेश मंत्री
245 _aहास्य धारा
_cरमेश मंत्री
260 _c2004
_bअमय प्रकाशन
300 _a138
_bमोठा
600 _aहास्य धारा
942 _cBOOK
999 _c208568
_d208568